[Event "DEM U10 2021"]
[Site "Willingen GER"]
[Date "2021.08.27"]
[Round "8"]
[White "Aweh, Mads"]
[Black "Sajka, Noah"]
[Result "0-1"]
[Termination "normal"]
[Board "12"]
[WhiteElo "1452"]
[BlackElo "1402"]
[WhiteClock "00:24:21"]
[BlackClock "00:35:00"]
[PlyCount "48"]
[WhiteFideId "34604278"]
[BlackFideId "34608192"]
[EventCountry "GER"]
[EventRounds "11"]
[EventType "swiss"]
[EventDate "2021.08.22"]

1. f4 {[%clk 01:15:31]} {[%emt 00:00:27]} c5 {[%clk 01:15:19]} {[%emt
00:00:42]} 2. Nf3 {[%clk 01:14:37]} {[%emt 00:01:23]} g6 {[%clk 01:13:14]}
{[%emt 00:02:35]} 3. e4 {[%clk 01:10:00]} {[%emt 00:05:08]} d6 {[%clk
01:09:51]} {[%emt 00:03:53]} 4. Bc4 {[%clk 01:07:18]} {[%emt 00:03:12]} e6
{[%clk 01:07:25]} {[%emt 00:02:56]} 5. Nc3 {[%clk 01:04:15]} {[%emt 00:03:33]}
Bg7 {[%clk 01:06:12]} {[%emt 00:01:42]} 6. O-O {[%clk 01:02:36]} {[%emt
00:02:08]} Nf6 {[%clk 01:04:39]} {[%emt 00:02:05]} 7. d3 {[%clk 01:01:01]}
{[%emt 00:02:05]} O-O {[%clk 01:03:50]} {[%emt 00:01:18]} 8. e5 {[%clk
00:54:28]} {[%emt 00:07:03]} dxe5 {[%clk 01:00:18]} {[%emt 00:04:02]} 9. fxe5
{[%clk 00:54:24]} {[%emt 00:00:34]} Nd5 {[%clk 00:58:48]} {[%emt 00:02:00]} 10.
Bg5 {[%clk 00:50:01]} {[%emt 00:04:53]} Nxc3 {[%clk 00:55:40]} {[%emt
00:03:40]} 11. bxc3 {[%clk 00:48:57]} {[%emt 00:01:33]} Qa5 {[%clk 00:52:53]}
{[%emt 00:03:17]} 12. Qd2 {[%clk 00:46:40]} {[%emt 00:02:47]} b5 {[%clk
00:51:36]} {[%emt 00:01:47]} 13. Bb3 {[%clk 00:44:38]} {[%emt 00:02:32]} Nc6
{[%clk 00:50:33]} {[%emt 00:01:33]} 14. Bf6 {[%clk 00:38:33]} {[%emt 00:06:34]}
Qb6 {[%clk 00:47:11]} {[%emt 00:03:52]} 15. c4 {[%clk 00:35:20]} {[%emt
00:03:44]} bxc4 {[%clk 00:45:18]} {[%emt 00:02:22]} 16. Bxc4 {[%clk 00:33:12]}
{[%emt 00:02:39]} Na5 {[%clk 00:42:31]} {[%emt 00:03:16]} 17. Qf4 {[%clk
00:29:56]} {[%emt 00:03:46]} Nxc4 {[%clk 00:40:22]} {[%emt 00:02:40]} 18. Qxc4
{[%clk 00:28:09]} {[%emt 00:02:17]} Qb4 {[%clk 00:39:30]} {[%emt 00:01:21]} 19.
Qxb4 {[%clk 00:27:43]} {[%emt 00:00:57]} cxb4 {[%clk 00:39:45]} {[%emt
00:00:15]} 20. Be7 {[%clk 00:27:29]} {[%emt 00:00:43]} Re8 {[%clk 00:40:06]}
{[%emt 00:00:10]} 21. Bxb4 {[%clk 00:27:46]} {[%emt 00:00:13]} Ba6 {[%clk
00:39:51]} {[%emt 00:00:45]} 22. Bd6 {[%clk 00:27:25]} {[%emt 00:00:50]} Red8
{[%clk 00:36:09]} {[%emt 00:04:13]} 23. Rab1 {[%clk 00:25:50]} {[%emt
00:02:05]} Rac8 {[%clk 00:35:22]} {[%emt 00:01:17]} 24. Rb2 {[%clk 00:24:21]}
{[%emt 00:02:00]} Rxd6 {[%clk 00:35:00]} {[%emt 00:00:51]} 0-1

[Event "DEM U10 2021"]
[Site "Willingen GER"]
[Date "2021.08.27"]
[Round "8"]
[White "Nonnenmacher, Philipp"]
[Black "Ley, Cornelius"]
[Result "1-0"]
[Termination "normal"]
[Board "13"]
[WhiteElo "1314"]
[BlackElo "1447"]
[WhiteClock "00:38:12"]
[BlackClock "00:23:29"]
[PlyCount "111"]
[WhiteFideId "34608869"]
[BlackFideId "34608907"]
[EventCountry "GER"]
[EventRounds "11"]
[EventType "swiss"]
[EventDate "2021.08.22"]

1. d4 {[%clk 01:15:56]} {[%emt 00:00:04]} d5 {[%clk 01:15:59]} {[%emt
00:00:02]} 2. c4 {[%clk 01:16:17]} {[%emt 00:00:09]} e6 {[%clk 01:16:25]}
{[%emt 00:00:04]} 3. Nc3 {[%clk 01:16:27]} {[%emt 00:00:20]} Nf6 {[%clk
01:16:51]} {[%emt 00:00:03]} 4. cxd5 {[%clk 01:16:35]} {[%emt 00:00:22]} exd5
{[%clk 01:17:15]} {[%emt 00:00:06]} 5. Bg5 {[%clk 01:16:44]} {[%emt 00:00:22]}
Nbd7 {[%clk 01:16:47]} {[%emt 00:00:58]} 6. e3 {[%clk 01:16:50]} {[%emt
00:00:24]} c6 {[%clk 01:17:05]} {[%emt 00:00:12]} 7. Nf3 {[%clk 01:17:00]}
{[%emt 00:00:20]} Qa5 {[%clk 01:16:18]} {[%emt 00:01:16]} 8. Bd3 {[%clk
01:16:06]} {[%emt 00:01:24]} Bb4 {[%clk 01:13:58]} {[%emt 00:02:50]} 9. Qd2
{[%clk 01:16:07]} {[%emt 00:00:29]} Ne4 {[%clk 01:05:31]} {[%emt 00:08:57]} 10.
Bxe4 {[%clk 01:15:59]} {[%emt 00:00:38]} dxe4 {[%clk 01:05:52]} {[%emt
00:00:09]} 11. Ng1 {[%clk 01:14:22]} {[%emt 00:02:07]} Nb6 {[%clk 01:01:08]}
{[%emt 00:05:15]} 12. Bf4 {[%clk 01:13:54]} {[%emt 00:00:57]} Nd5 {[%clk
01:01:08]} {[%emt 00:00:31]} 13. Nge2 {[%clk 01:13:24]} {[%emt 00:01:00]} Bg4
{[%clk 01:01:01]} {[%emt 00:00:36]} 14. Qc2 {[%clk 01:07:21]} {[%emt 00:06:33]}
f5 {[%clk 00:53:47]} {[%emt 00:07:44]} 15. O-O {[%clk 01:06:46]} {[%emt
00:01:04]} O-O-O {[%clk 00:49:46]} {[%emt 00:04:31]} 16. Nxd5 {[%clk 01:06:34]}
{[%emt 00:00:43]} Qxd5 {[%clk 00:49:46]} {[%emt 00:00:30]} 17. a3 {[%clk
01:06:12]} {[%emt 00:00:52]} Be7 {[%clk 00:50:02]} {[%emt 00:00:14]} 18. Nc3
{[%clk 01:06:16]} {[%emt 00:00:27]} Qf7 {[%clk 00:49:49]} {[%emt 00:00:42]} 19.
h3 {[%clk 01:03:16]} {[%emt 00:03:30]} Bh5 {[%clk 00:48:23]} {[%emt 00:01:56]}
20. d5 {[%clk 01:02:18]} {[%emt 00:01:28]} Qf6 {[%clk 00:46:54]} {[%emt
00:01:58]} 21. Rac1 {[%clk 00:55:57]} {[%emt 00:06:53]} g5 {[%clk 00:39:41]}
{[%emt 00:07:43]} 22. Bh2 {[%clk 00:49:55]} {[%emt 00:06:31]} Bd6 {[%clk
00:39:58]} {[%emt 00:00:13]} 23. Bxd6 {[%clk 00:49:49]} {[%emt 00:00:35]} Rxd6
{[%clk 00:40:08]} {[%emt 00:00:20]} 24. dxc6 {[%clk 00:48:07]} {[%emt
00:02:14]} bxc6 {[%clk 00:39:18]} {[%emt 00:01:20]} 25. Ne2 {[%clk 00:40:12]}
{[%emt 00:08:24]} Bxe2 {[%clk 00:35:22]} {[%emt 00:04:26]} 26. Qxe2 {[%clk
00:39:33]} {[%emt 00:01:10]} h5 {[%clk 00:34:56]} {[%emt 00:00:55]} 27. f3
{[%clk 00:37:06]} {[%emt 00:02:58]} exf3 {[%clk 00:34:59]} {[%emt 00:00:26]}
28. Qxf3 {[%clk 00:35:28]} {[%emt 00:02:08]} Rhd8 {[%clk 00:27:32]} {[%emt
00:07:29]} 29. Qxf5+ {[%clk 00:33:42]} {[%emt 00:02:44]} Qxf5 {[%clk 00:27:57]}
{[%emt 00:00:06]} 30. Rxf5 {[%clk 00:33:57]} {[%emt 00:00:14]} Rd1+ {[%clk
00:27:00]} {[%emt 00:01:27]} 31. Rxd1 {[%clk 00:34:16]} {[%emt 00:00:11]} Rxd1+
{[%emt 00:00:07]} 32. Kh2 {[%clk 00:34:30]} {[%emt 00:00:14]} Rd5 {[%clk
00:26:55]} {[%emt 00:01:01]} 33. Rxd5 {[%clk 00:34:51]} {[%emt 00:00:09]} cxd5
{[%clk 00:27:20]} {[%emt 00:00:04]} 34. Kg3 {[%clk 00:35:06]} {[%emt 00:00:15]}
Kd7 {[%clk 00:27:26]} {[%emt 00:00:24]} 35. Kf3 {[%clk 00:35:29]} {[%emt
00:00:07]} Ke6 {[%clk 00:27:41]} {[%emt 00:00:16]} 36. e4 {[%clk 00:35:38]}
{[%emt 00:00:21]} d4 {[%clk 00:27:46]} {[%emt 00:00:25]} 37. Ke2 {[%clk
00:33:35]} {[%emt 00:02:32]} Ke5 {[%clk 00:27:45]} {[%emt 00:00:31]} 38. Kd3
{[%clk 00:33:54]} {[%emt 00:00:11]} h4 {[%clk 00:25:16]} {[%emt 00:02:59]} 39.
b4 {[%clk 00:33:20]} {[%emt 00:01:04]} a6 {[%clk 00:23:00]} {[%emt 00:02:46]}
40. a4 {[%clk 00:33:40]} {[%emt 00:00:10]} Kd6 {[%clk 00:22:23]} {[%emt
00:01:06]} 41. Kxd4 {[%clk 00:33:59]} {[%emt 00:00:13]} Kc6 {[%clk 00:22:06]}
{[%emt 00:00:46]} 42. e5 {[%emt 00:00:30]} Kd7 {[%clk 00:22:13]} {[%emt
00:00:03]} 43. Kd5 {[%clk 00:34:39]} {[%emt 00:00:10]} Ke7 {[%clk 00:22:16]}
{[%emt 00:00:27]} 44. e6 {[%clk 00:34:51]} {[%emt 00:00:18]} Ke8 {[%clk
00:22:15]} {[%emt 00:00:31]} 45. Kd6 {[%clk 00:35:13]} {[%emt 00:00:09]} Kd8
{[%clk 00:22:40]} {[%emt 00:00:05]} 46. e7+ {[%clk 00:35:28]} {[%emt 00:00:15]}
Ke8 {[%clk 00:23:04]} {[%emt 00:00:06]} 47. b5 {[%clk 00:35:52]} {[%emt
00:00:05]} axb5 {[%clk 00:23:08]} {[%emt 00:00:26]} 48. axb5 {[%clk 00:36:06]}
{[%emt 00:00:16]} g4 {[%clk 00:23:30]} {[%emt 00:00:08]} 49. hxg4 {[%clk
00:36:26]} {[%emt 00:00:09]} h3 {[%clk 00:23:54]} {[%emt 00:00:07]} 50. gxh3
{[%clk 00:36:50]} {[%emt 00:00:06]} Kf7 {[%clk 00:24:17]} {[%emt 00:00:06]} 51.
Kd7 {[%clk 00:37:12]} {[%emt 00:00:10]} Kf6 {[%clk 00:24:41]} {[%emt 00:00:06]}
52. e8=Q {[%clk 00:37:26]} {[%emt 00:00:15]} Kg7 {[%clk 00:24:26]} {[%emt
00:00:45]} 53. b6 {[%clk 00:37:33]} {[%emt 00:00:24]} Kf6 {[%clk 00:23:52]}
{[%emt 00:01:03]} 54. b7 {[%clk 00:37:54]} {[%emt 00:00:09]} Kg5 {[%clk
00:24:07]} {[%emt 00:00:15]} 55. b8=Q {[%clk 00:37:58]} {[%emt 00:00:27]} Kf6
{[%clk 00:23:29]} {[%emt 00:01:08]} 56. Qbe5+ {[%clk 00:38:12]} {[%emt
00:00:14]} 1-0

[Event "DEM U10 2021"]
[Site "Willingen GER"]
[Date "2021.08.27"]
[Round "8"]
[White "Pflugbeil, Julian"]
[Black "Vranckx, Oscar"]
[Result "1/2-1/2"]
[Termination "normal"]
[Board "15"]
[WhiteElo "1368"]
[BlackElo "1300"]
[WhiteClock "01:03:39"]
[BlackClock "01:09:23"]
[PlyCount "92"]
[WhiteFideId "34608850"]
[BlackFideId "34608788"]
[EventCountry "GER"]
[EventRounds "11"]
[EventType "swiss"]
[EventDate "2021.08.22"]

1. e4 {[%clk 01:15:58]} {[%emt 00:00:01]} c5 {[%clk 01:15:47]} {[%emt
00:00:13]} 2. Nf3 {[%clk 01:16:24]} {[%emt 00:00:05]} Nc6 {[%clk 01:15:54]}
{[%emt 00:00:21]} 3. d4 {[%clk 01:16:48]} {[%emt 00:00:07]} cxd4 {[%clk
01:16:05]} {[%emt 00:00:19]} 4. Nxd4 {[%clk 01:17:14]} {[%emt 00:00:05]} e5
{[%clk 01:16:06]} {[%emt 00:00:28]} 5. Nb5 {[%clk 01:17:30]} {[%emt 00:00:14]}
d6 {[%clk 01:16:29]} {[%emt 00:00:07]} 6. N1c3 {[%clk 01:17:55]} {[%emt
00:00:06]} a6 {[%clk 01:16:52]} {[%emt 00:00:07]} 7. Na3 {[%clk 01:18:22]}
{[%emt 00:00:03]} Be7 {[%clk 01:17:12]} {[%emt 00:00:10]} 8. Nc4 {[%clk
01:18:44]} {[%emt 00:00:07]} b5 {[%emt 00:00:10]} 9. Ne3 {[%clk 01:19:09]}
{[%emt 00:00:04]} Nf6 {[%clk 01:17:46]} {[%emt 00:00:16]} 10. g3 {[%clk
01:19:36]} {[%emt 00:00:04]} O-O {[%clk 01:18:03]} {[%emt 00:00:13]} 11. Ncd5
{[%clk 01:19:49]} {[%emt 00:00:17]} Bb7 {[%clk 01:17:53]} {[%emt 00:00:41]} 12.
Bg2 {[%clk 01:20:03]} {[%emt 00:00:16]} Rc8 {[%clk 01:16:50]} {[%emt 00:01:31]}
13. O-O {[%clk 01:20:15]} {[%emt 00:00:19]} Nd4 {[%clk 01:16:30]} {[%emt
00:00:50]} 14. c3 {[%clk 01:20:18]} {[%emt 00:00:27]} Ne6 {[%clk 01:16:53]}
{[%emt 00:00:07]} 15. a4 {[%clk 01:20:11]} {[%emt 00:00:37]} bxa4 {[%clk
01:16:31]} {[%emt 00:00:53]} 16. Rxa4 {[%clk 01:19:49]} {[%emt 00:00:52]} Nc5
{[%clk 01:16:36]} {[%emt 00:00:24]} 17. Ra1 {[%clk 01:18:51]} {[%emt 00:01:28]}
Nfxe4 {[%clk 01:16:35]} {[%emt 00:00:31]} 18. b4 {[%clk 01:17:27]} {[%emt
00:01:54]} Bg5 {[%clk 01:15:15]} {[%emt 00:01:51]} 19. bxc5 {[%clk 01:16:24]}
{[%emt 00:01:33]} Nxc5 {[%clk 01:15:28]} {[%emt 00:00:16]} 20. h4 {[%clk
01:15:45]} {[%emt 00:01:09]} Bh6 {[%clk 01:14:40]} {[%emt 00:01:19]} 21. Nf5
{[%clk 01:15:35]} {[%emt 00:00:39]} Bxc1 {[%clk 01:12:39]} {[%emt 00:02:31]}
22. Rxc1 {[%clk 01:15:33]} {[%emt 00:00:31]} Bxd5 {[%clk 01:12:29]} {[%emt
00:00:41]} 23. Bxd5 {[%clk 01:15:50]} {[%emt 00:00:14]} g6 {[%clk 01:12:44]}
{[%emt 00:00:14]} 24. Nxd6 {[%emt 00:00:26]} Rc7 {[%clk 01:11:56]} {[%emt
00:01:06]} 25. Nxf7 {[%clk 01:15:14]} {[%emt 00:01:23]} Rcxf7 {[%clk 01:12:03]}
{[%emt 00:00:20]} 26. Bxf7+ {[%clk 01:15:39]} {[%emt 00:00:07]} Kxf7 {[%clk
01:12:24]} {[%emt 00:00:10]} 27. Qf3+ {[%clk 01:15:45]} {[%emt 00:00:22]} Kg8
{[%clk 01:12:28]} {[%emt 00:00:27]} 28. Qe3 {[%clk 01:15:47]} {[%emt 00:00:28]}
Qc7 {[%clk 01:12:17]} {[%emt 00:00:41]} 29. Rfd1 {[%clk 01:15:47]} {[%emt
00:00:28]} e4 {[%clk 01:12:13]} {[%emt 00:00:35]} 30. Rd5 {[%clk 01:13:15]}
{[%emt 00:03:22]} Nd3 {[%clk 01:12:15]} {[%emt 00:00:27]} 31. Rf1 {[%clk
01:13:09]} {[%emt 00:00:30]} Qf7 {[%clk 01:11:26]} {[%emt 00:01:24]} 32. Rxd3
{[%clk 01:11:47]} {[%emt 00:01:53]} exd3 {[%clk 01:11:42]} {[%emt 00:00:13]}
33. Qxd3 {[%clk 01:12:13]} {[%emt 00:00:04]} Qb7 {[%clk 01:10:29]} {[%emt
00:01:43]} 34. Rd1 {[%clk 01:11:35]} {[%emt 00:01:08]} Rc8 {[%clk 01:10:36]}
{[%emt 00:00:24]} 35. Qe3 {[%clk 01:11:36]} {[%emt 00:00:27]} Qb3 {[%clk
01:10:29]} {[%emt 00:00:36]} 36. Rd7 {[%clk 01:09:19]} {[%emt 00:02:50]} Qb1+
{[%clk 01:09:02]} {[%emt 00:01:56]} 37. Kh2 {[%clk 01:09:01]} {[%emt 00:00:45]}
Qf5 {[%clk 01:09:20]} {[%emt 00:00:16]} 38. Qa7 {[%clk 01:08:31]} {[%emt
00:01:00]} Qf6 {[%clk 01:09:28]} {[%emt 00:00:21]} 39. Rxh7 {[%clk 01:08:25]}
{[%emt 00:00:36]} Rf8 {[%clk 01:09:45]} {[%emt 00:00:14]} 40. Kg1 {[%clk
01:06:34]} {[%emt 00:02:14]} Qxc3 {[%clk 01:09:56]} {[%emt 00:00:27]} 41. Re7
{[%clk 01:04:26]} {[%emt 00:02:31]} Qa1+ {[%clk 01:09:33]} {[%emt 00:00:59]}
42. Kg2 {[%clk 01:04:29]} {[%emt 00:00:24]} Qc3 {[%clk 01:09:48]} {[%emt
00:00:15]} 43. Qxa6 {[%clk 01:04:28]} {[%emt 00:00:31]} Qf3+ {[%clk 01:10:04]}
{[%emt 00:00:16]} 44. Kg1 {[%clk 01:03:00]} {[%emt 00:01:52]} Qxf2+ {[%clk
01:10:26]} {[%emt 00:00:15]} 45. Kh1 {[%clk 01:03:21]} {[%emt 00:00:07]} Qf3+
{[%clk 01:09:45]} {[%emt 00:01:12]} 46. Kh2 {[%clk 01:03:39]} {[%emt 00:00:13]}
Qf2+ {[%clk 01:09:23]} {[%emt 00:00:52]} 1/2-1/2

[Event "DEM U10 2021"]
[Site "Willingen GER"]
[Date "2021.08.27"]
[Round "8"]
[White "Prashanthakumar, Arju"]
[Black "Deiringer, Julius"]
[Result "1-0"]
[Termination "normal"]
[Board "16"]
[WhiteElo "953"]
[BlackElo "1274"]
[WhiteClock "00:58:21"]
[BlackClock "00:16:25"]
[PlyCount "79"]
[WhiteFideId "34604065"]
[BlackFideId "16267010"]
[EventCountry "GER"]
[EventRounds "11"]
[EventType "swiss"]
[EventDate "2021.08.22"]

1. e4 {[%clk 01:15:57]} {[%emt 00:00:03]} e5 {[%clk 01:15:55]} {[%emt
00:00:06]} 2. Nf3 {[%clk 01:16:19]} {[%emt 00:00:08]} Nc6 {[%clk 01:16:19]}
{[%emt 00:00:05]} 3. Bc4 {[%clk 01:16:34]} {[%emt 00:00:15]} Bc5 {[%clk
01:16:44]} {[%emt 00:00:05]} 4. Nc3 {[%clk 01:16:53]} {[%emt 00:00:12]} d6
{[%clk 01:13:16]} {[%emt 00:03:57]} 5. h3 {[%clk 01:17:00]} {[%emt 00:00:23]}
Nf6 {[%clk 01:12:24]} {[%emt 00:01:21]} 6. d3 {[%clk 01:17:11]} {[%emt
00:00:20]} Na5 {[%clk 01:11:04]} {[%emt 00:01:51]} 7. Bb3 {[%clk 01:17:14]}
{[%emt 00:00:27]} Nxb3 {[%clk 01:11:22]} {[%emt 00:00:11]} 8. axb3 {[%clk
01:17:34]} {[%emt 00:00:10]} c6 {[%clk 01:10:24]} {[%emt 00:01:27]} 9. O-O
{[%clk 01:16:55]} {[%emt 00:01:10]} h6 {[%clk 01:09:53]} {[%emt 00:01:01]} 10.
Be3 {[%clk 01:17:03]} {[%emt 00:00:22]} Bxe3 {[%clk 01:08:01]} {[%emt
00:02:23]} 11. fxe3 {[%clk 01:17:17]} {[%emt 00:00:15]} O-O {[%clk 01:07:55]}
{[%emt 00:00:35]} 12. Qd2 {[%clk 01:16:51]} {[%emt 00:00:56]} Re8 {[%clk
01:07:42]} {[%emt 00:00:43]} 13. Rf2 {[%clk 01:16:39]} {[%emt 00:00:43]} d5
{[%clk 01:05:36]} {[%emt 00:02:36]} 14. exd5 {[%clk 01:15:07]} {[%emt
00:02:03]} Nxd5 {[%clk 01:04:31]} {[%emt 00:01:34]} 15. e4 {[%clk 01:13:52]}
{[%emt 00:01:45]} Nxc3 {[%clk 01:01:23]} {[%emt 00:03:39]} 16. Qxc3 {[%clk
01:13:54]} {[%emt 00:00:26]} Qe7 {[%clk 00:59:01]} {[%emt 00:02:51]} 17. Raf1
{[%clk 01:13:55]} {[%emt 00:00:31]} f6 {[%clk 00:56:39]} {[%emt 00:02:51]} 18.
Nh4 {[%clk 01:12:29]} {[%emt 00:01:56]} Qf7 {[%clk 00:54:16]} {[%emt 00:02:53]}
19. Nf5 {[%clk 01:12:39]} {[%emt 00:00:22]} Bxf5 {[%clk 00:54:00]} {[%emt
00:00:45]} 20. Rxf5 {[%clk 01:11:00]} {[%emt 00:02:09]} Rad8 {[%clk 00:52:13]}
{[%emt 00:02:15]} 21. Ra1 {[%clk 01:09:39]} {[%emt 00:01:50]} a6 {[%clk
00:51:12]} {[%emt 00:01:33]} 22. Qc4 {[%clk 01:08:01]} {[%emt 00:02:07]} Qxc4
{[%clk 00:49:55]} {[%emt 00:01:49]} 23. bxc4 {[%clk 01:08:16]} {[%emt
00:00:16]} Kf7 {[%clk 00:47:56]} {[%emt 00:02:28]} 24. Kf2 {[%clk 01:07:53]}
{[%emt 00:00:54]} Ra8 {[%clk 00:41:54]} {[%emt 00:06:31]} 25. Ke3 {[%clk
01:07:31]} {[%emt 00:00:51]} Red8 {[%clk 00:40:23]} {[%emt 00:02:02]} 26. g4
{[%clk 01:04:25]} {[%emt 00:03:36]} c5 {[%clk 00:39:10]} {[%emt 00:01:43]} 27.
Raf1 {[%clk 01:02:46]} {[%emt 00:02:07]} Ke6 {[%clk 00:37:31]} {[%emt
00:02:10]} 28. h4 {[%clk 01:02:40]} {[%emt 00:00:37]} Rf8 {[%clk 00:35:50]}
{[%emt 00:02:09]} 29. g5 {[%clk 01:00:41]} {[%emt 00:02:31]} b5 {[%clk
00:32:51]} {[%emt 00:03:29]} 30. cxb5 {[%clk 00:58:16]} {[%emt 00:02:55]} axb5
{[%clk 00:32:43]} {[%emt 00:00:38]} 31. gxh6 {[%clk 00:58:18]} {[%emt
00:00:28]} gxh6 {[%clk 00:32:50]} {[%emt 00:00:23]} 32. Kd2 {[%clk 00:57:32]}
{[%emt 00:01:16]} Ra2 {[%clk 00:29:38]} {[%emt 00:03:41]} 33. Kc3 {[%clk
00:57:48]} {[%emt 00:00:14]} b4+ {[%clk 00:27:42]} {[%emt 00:02:27]} 34. Kb3
{[%clk 00:58:07]} {[%emt 00:00:12]} Ra7 {[%clk 00:26:07]} {[%emt 00:02:04]} 35.
Rg1 {[%clk 00:58:03]} {[%emt 00:00:31]} Kf7 {[%clk 00:23:53]} {[%emt 00:02:47]}
36. Rg2 {[%clk 00:58:02]} {[%emt 00:00:30]} Raa8 {[%clk 00:20:31]} {[%emt
00:03:53]} 37. h5 {[%clk 00:58:14]} {[%emt 00:00:18]} Rg8 {[%clk 00:20:22]}
{[%emt 00:00:38]} 38. Rgf2 {[%clk 00:57:56]} {[%emt 00:00:48]} Ra6 {[%clk
00:20:18]} {[%emt 00:00:35]} 39. Kc4 {[%clk 00:58:10]} {[%emt 00:00:16]} Rc6
{[%clk 00:16:25]} {[%emt 00:04:23]} 40. Rxe5 {[%clk 00:58:21]} {[%emt
00:00:20]} 1-0

[Event "DEM U10 2021"]
[Site "Willingen GER"]
[Date "2021.08.27"]
[Round "8"]
[White "Dodul, Arthur"]
[Black "Seth, Aakrit"]
[Result "1-0"]
[Termination "normal"]
[Board "17"]
[WhiteElo "1285"]
[BlackElo "1330"]
[WhiteClock "00:56:54"]
[BlackClock "00:13:37"]
[PlyCount "41"]
[WhiteFideId "34609016"]
[BlackFideId "34604812"]
[EventCountry "GER"]
[EventRounds "11"]
[EventType "swiss"]
[EventDate "2021.08.22"]

1. e4 {[%clk 01:15:56]} {[%emt 00:00:03]} c5 {[%clk 01:15:20]} {[%emt
00:00:40]} 2. Nf3 {[%clk 01:16:15]} {[%emt 00:00:10]} d6 {[%clk 01:15:43]}
{[%emt 00:00:08]} 3. d4 {[%clk 01:16:37]} {[%emt 00:00:08]} cxd4 {[%clk
01:16:06]} {[%emt 00:00:07]} 4. Nxd4 {[%clk 01:16:54]} {[%emt 00:00:14]} g6
{[%clk 01:16:26]} {[%emt 00:00:10]} 5. Nc3 {[%clk 01:16:59]} {[%emt 00:00:25]}
Nf6 {[%clk 01:16:39]} {[%emt 00:00:16]} 6. Be3 {[%clk 01:17:07]} {[%emt
00:00:20]} Bg7 {[%clk 01:17:04]} {[%emt 00:00:07]} 7. f3 {[%clk 01:17:12]}
{[%emt 00:00:26]} O-O {[%clk 01:17:23]} {[%emt 00:00:10]} 8. Qd2 {[%clk
01:17:15]} {[%emt 00:00:24]} Nc6 {[%clk 01:17:37]} {[%emt 00:00:19]} 9. g4
{[%clk 01:17:15]} {[%emt 00:00:30]} Qa5 {[%clk 01:13:31]} {[%emt 00:04:36]} 10.
Nb3 {[%emt 00:05:21]} Qc7 {[%clk 01:04:13]} {[%emt 00:05:22]} 11. h4 {[%clk
01:15:09]} {[%emt 00:02:12]} Ne5 {[%clk 01:03:51]} {[%emt 00:00:52]} 12. Be2
{[%clk 01:11:26]} {[%emt 00:04:09]} b6 {[%clk 00:58:23]} {[%emt 00:06:02]} 13.
O-O-O {[%clk 01:07:57]} {[%emt 00:03:58]} Be6 {[%clk 00:49:15]} {[%emt
00:09:39]} 14. Nd4 {[%clk 01:05:39]} {[%emt 00:02:48]} Bc4 {[%clk 00:45:06]}
{[%emt 00:04:38]} 15. h5 {[%clk 01:02:45]} {[%emt 00:03:24]} Bxe2 {[%clk
00:42:52]} {[%emt 00:02:43]} 16. Qxe2 {[%clk 01:02:52]} {[%emt 00:00:22]} a6
{[%clk 00:32:02]} {[%emt 00:11:23]} 17. hxg6 {[%clk 01:01:34]} {[%emt
00:01:47]} hxg6 {[%clk 00:30:23]} {[%emt 00:02:09]} 18. Qh2 {[%clk 01:00:08]}
{[%emt 00:01:55]} g5 {[%clk 00:23:48]} {[%emt 00:07:06]} 19. Nd5 {[%clk
00:58:02]} {[%emt 00:02:36]} Rfc8 {[%clk 00:14:46]} {[%emt 00:09:32]} 20. Nxc7
{[%clk 00:57:34]} {[%emt 00:00:53]} Rxc7 {[%clk 00:13:37]} {[%emt 00:01:45]}
21. Nf5 {[%clk 00:56:54]} {[%emt 00:01:09]} 1-0

[Event "DEM U10 2021"]
[Site "Willingen GER"]
[Date "2021.08.27"]
[Round "8"]
[White "Gulamzada, Elmir"]
[Black "Allen, Phillipp"]
[Result "0-1"]
[Termination "normal"]
[Board "18"]
[WhiteElo "1342"]
[BlackElo "1510"]
[WhiteClock "00:01:17"]
[BlackClock "00:36:43"]
[PlyCount "44"]
[WhiteFideId "34604332"]
[BlackFideId "16272846"]
[EventCountry "GER"]
[EventRounds "11"]
[EventType "swiss"]
[EventDate "2021.08.22"]

1. e4 {[%clk 01:15:42]} {[%emt 00:00:17]} c6 {[%clk 01:15:55]} {[%emt
00:00:05]} 2. d4 {[%clk 01:15:53]} {[%emt 00:00:19]} d5 {[%clk 01:16:19]}
{[%emt 00:00:06]} 3. exd5 {[%clk 01:15:54]} {[%emt 00:00:30]} cxd5 {[%clk
01:16:42]} {[%emt 00:00:07]} 4. Bd3 {[%clk 01:15:25]} {[%emt 00:00:59]} Nf6
{[%clk 01:17:04]} {[%emt 00:00:08]} 5. h3 {[%clk 01:15:27]} {[%emt 00:00:28]}
Nc6 {[%clk 01:17:26]} {[%emt 00:00:08]} 6. c3 {[%clk 01:14:49]} {[%emt
00:01:08]} Bd7 {[%clk 01:15:22]} {[%emt 00:02:33]} 7. Nf3 {[%clk 01:08:40]}
{[%emt 00:06:39]} e6 {[%clk 01:14:39]} {[%emt 00:01:13]} 8. Bg5 {[%clk
01:01:41]} {[%emt 00:07:28]} Bd6 {[%clk 01:11:28]} {[%emt 00:03:41]} 9. Nbd2
{[%emt 00:02:26]} h6 {[%clk 01:11:12]} 10. Bh4 {[%clk 00:58:20]} {[%emt
00:02:41]} g5 {[%clk 01:11:23]} {[%emt 00:00:18]} 11. Bg3 {[%clk 00:57:06]}
{[%emt 00:01:46]} Bxg3 {[%clk 01:11:39]} {[%emt 00:00:13]} 12. fxg3 {[%clk
00:56:43]} {[%emt 00:00:53]} Qc7 {[%clk 01:11:27]} {[%emt 00:00:42]} 13. Kf2
{[%clk 00:32:06]} {[%emt 00:25:07]} Nh5 {[%clk 00:58:21]} {[%emt 00:13:35]} 14.
Ne5 {[%clk 00:28:32]} {[%emt 00:04:05]} Nxe5 {[%clk 00:52:52]} {[%emt
00:05:59]} 15. dxe5 {[%clk 00:28:20]} {[%emt 00:00:42]} Qc5+ {[%clk 00:53:11]}
{[%emt 00:00:11]} 16. Kf3 {[%clk 00:20:04]} {[%emt 00:08:46]} f5 {[%clk
00:40:15]} {[%emt 00:13:26]} 17. exf6 {[%clk 00:18:46]} {[%emt 00:01:47]} O-O
{[%clk 00:37:53]} {[%emt 00:02:53]} 18. Kg4 {[%clk 00:04:56]} {[%emt 00:14:20]}
Qe3 {[%clk 00:37:15]} {[%emt 00:01:08]} 19. Kxh5 {[%clk 00:01:55]} {[%emt
00:03:32]} Qxg3 {[%clk 00:36:37]} {[%emt 00:01:09]} 20. Qg4 {[%clk 00:01:19]}
{[%emt 00:01:05]} Qxd3 {[%clk 00:36:28]} {[%emt 00:00:39]} 21. Nf3 {[%clk
00:01:26]} {[%emt 00:00:23]} Be8+ {[%clk 00:36:43]} {[%emt 00:00:15]} 22. Kxh6
{[%clk 00:01:17]} {[%emt 00:00:39]} Qg6# {[%emt 00:00:01]} 0-1